| 000 | 00565nam a22001457a 4500 | ||
|---|---|---|---|
| 999 |
_c109449 _d109449 |
||
| 005 | 20181207102212.0 | ||
| 008 | 181207b ||||| |||| 00| 0 eng d | ||
| 040 | _cPK-LaUMT | ||
| 082 |
_a610.082 _bSAM-K |
||
| 100 | _aSamreen Farid = ثمرین فرید | ||
| 245 |
_aKhawateen ki sehat = خواتین کی صحت : _bخواتین کی جسمانی، نفسیاتی صحت اور تندرستی قائم رکھنے کے کے رہنما اصول / _cSamreen Farid = ثمرین فرید |
||
| 260 |
_aLahore : _bDarushoor, _c2018 |
||
| 300 | _a431 p. | ||
| 942 | _cBK | ||